Risk : (Record no. 63)
[ view plain ]
| 000 -LEADER | |
|---|---|
| fixed length control field | 01110nam a2200325 a 4500 |
| 001 - CONTROL NUMBER | |
| control field | 63 |
| 003 - CONTROL NUMBER IDENTIFIER | |
| rucl marc code | BD-RjUL |
| 005 - DATE AND TIME OF LATEST TRANSACTION | |
| control field | 20211208233114.0 |
| 008 - FIXED-LENGTH DATA ELEMENTS--GENERAL INFORMATION | |
| fixed length control field | 150128s2011 enka b 001 0 eng c |
| 020 ## - INTERNATIONAL STANDARD BOOK NUMBER | |
| International Standard Book Number | 9780199576203 (pbk.) |
| International Standard Book Number | 0199576203 (pbk.) |
| 035 ## - SYSTEM CONTROL NUMBER | |
| System control number | (OCoLC)ocn690088039 |
| 040 ## - CATALOGING SOURCE | |
| Original cataloging agency | BTCTA |
| Language of cataloging | eng |
| Transcribing agency | BTCTA |
| Modifying agency | YDXCP |
| -- | EUW |
| -- | ITJCU |
| -- | BWX |
| -- | IUL |
| -- | CDX |
| -- | CUD |
| -- | OKS |
| -- | OCLCQ |
| -- | DLC |
| -- | BD-RjUL |
| 041 ## - LANGUAGE CODE | |
| Language code of text/sound track or separate title | eng |
| 082 ## - DEWEY DECIMAL CLASSIFICATION NUMBER | |
| Edition number | 22 |
| Classification number | 153.83 |
| Author mark and year | FIR 2011 |
| 100 1# - MAIN ENTRY--PERSONAL NAME | |
| Personal name | Fischhoff, Baruch, |
| Dates associated with a name | 1946- |
| 9 (RLIN) | 115490 |
| 245 10 - TITLE STATEMENT | |
| Title | Risk : |
| Remainder of title | a very short introduction / |
| Statement of responsibility, etc. | Baruch Fischhoff and John Kadvany. |
| 260 ## - PUBLICATION, DISTRIBUTION, ETC. (IMPRINT) | |
| Place of publication, distribution, etc. | Oxford ; |
| -- | New York : |
| Name of publisher, distributor, etc. | Oxford University Press, |
| Date of publication, distribution, etc. | 2011. |
| 300 ## - PHYSICAL DESCRIPTION | |
| Pagination | xiv, 162 p. : |
| Illustrations | ill. ; |
| Size | 18 cm. |
| 490 1# - SERIES STATEMENT | |
| Series statement | Very short introductions ; |
| Volume/sequential designation | 270 |
| 504 ## - BIBLIOGRAPHY, ETC. NOTE | |
| Bibliography, etc | Includes bibliographical references (p. 151-158) and index. |
| 650 #0 - SUBJECT ADDED ENTRY--TOPICAL TERM | |
| Topical term or geographic name as entry element | Risk-taking (Psychology) |
| 9 (RLIN) | 115491 |
| Topical term or geographic name as entry element | Risk assessment. |
| 9 (RLIN) | 115492 |
| 700 1# - ADDED ENTRY--PERSONAL NAME | |
| Personal name | Kadvany, John David. |
| 830 #0 - SERIES ADDED ENTRY--UNIFORM TITLE | |
| Volume number/sequential designation | 270. |
| 830 #0 - SERIES ADDED ENTRY--UNIFORM TITLE | |
| Uniform title | Very short introductions ; |
| 942 ## - ADDED ENTRY ELEMENTS (KOHA) | |
| Source of classification or shelving scheme | Dewey Decimal Classification |
| Koha item type | Books |
| Lost status | Source of classification or shelving scheme | Damaged status | Not for loan | Permanent Location | Current Location | Shelving location | Date acquired | Source of acquisition | Cost, normal purchase price | Total Checkouts | Full call number | Date last seen | Copy number | Koha item type |
|---|---|---|---|---|---|---|---|---|---|---|---|---|---|---|
| Dewey Decimal Classification | Not For Loan | Central Library, University of Rajshahi | Central Library, University of Rajshahi | Reading Room | 23/07/2014 | Baatighar, Chittagong | 399.00 | 153.83 FIR 2011 | 28/01/2015 | C-1 | Books |